[Event "Wiesbaden op 30th"]
[Site "Wiesbaden"]
[Date "2018.08.26"]
[Round "6"]
[White "Belz, Frank Martin"]
[Black "Schmidt, Volker"]
[Result "1-0"]
[WhiteElo "2041"]
[BlackElo "1905"]
[PlyCount "93"]
[EventDate "2018.08.23"]
[EventType "swiss"]
[EventRounds "7"]
[EventCountry "GER"]
[SourceTitle "CBM 186 Extra"]
[Source "ChessBase"]
[SourceDate "2018.08.24"]
[SourceVersion "1"]
[SourceVersionDate "2018.08.24"]
[SourceQuality "1"]

1. d4 Nf6 2. Nf3 g6 3. c4 Bg7 4. Nc3 d5 5. e3 0-0 6. Qb3 c6 7. Be2 e6 8. 0-0 Nbd7 9. Rd1 Qe7 10. Bd2 b6 11. cxd5 exd5 12. Rac1 Bb7 13. a4 Rfc8 14. a5 b5 15. Na2 a6 16. Bb4 Qe6 17. Rc2 Ne4 18. Qa3 Ndf6 19. Nc1 Ng4 20. Be1 Bf8 21. Qa2 Bh6 22. h3 Ngf6 23. Nd3 Nd7 24. Qa3 Qf5 25. Rdc1 Bg7 26. Bb4 Qe6 27. Bf1 h6 28. Nd2 f5 29. Nb3 Kh7 30. Nbc5 Ndxc5 31. Nxc5 Nxc5 32. Bxc5 Re8 33. Qd3 Bc8 34. Bb6 Bd7 35. Bc7 Rac8 36. Bg3 Kh8 37. Re1 Kh7 38. Rec1 Kh8 39. Qa3 Kh7 40. Qc5 Ra8 41. Qb6 Qf7 42. Qb7 Kg8 43. Be2 Bf8 44. Bf3 Rec8 45. Be5 Be8 46. Qxf7+ Kxf7 47. Bxd5+ 1-0

[Event "Wiesbaden op 30th"]
[Site "Wiesbaden"]
[Date "2018.08.24"]
[Round "2"]
[White "Schmidt, Volker"]
[Black "Senatov, Boris"]
[Result "1-0"]
[WhiteElo "1905"]
[BlackElo "1733"]
[PlyCount "59"]
[EventDate "2018.08.23"]
[EventType "swiss"]
[EventRounds "7"]
[EventCountry "GER"]
[SourceTitle "CBM 186 Extra"]
[Source "ChessBase"]
[SourceDate "2018.08.24"]
[SourceVersion "1"]
[SourceVersionDate "2018.08.24"]
[SourceQuality "1"]

1. c4 e5 2. g3 Nf6 3. Bg2 d5 4. cxd5 Nxd5 5. Nc3 Nb6 6. Nf3 Nc6 7. 0-0 Be7 8. d3 0-0 9. a3 Be6 10. b4 f6 11. Rb1 a5 12. b5 Nd4 13. e3 Nd5 14. Nxd5 Bxd5 15. exd4 exd4 16. a4 Bf7 17. Bb2 Bc5 18. Qc2 Bb6 19. Rfe1 Qd7 20. Ba3 Rfc8 21. Nd2 Rab8 22. Nc4 h6 23. Qd2 Bxc4 24. dxc4 c5 25. bxc6 bxc6 26. Re7 Qf5 27. Rbe1 Kh8 28. Bd6 Ra8 29. Rb7 Bd8 30. Re8+ 1-0

[Event "Wiesbaden op 29th"]
[Site "Wiesbaden"]
[Date "2017.08.27"]
[Round "6"]
[White "Reitz, Theresa"]
[Black "Schmidt, Volker"]
[Result "0-1"]
[WhiteElo "1719"]
[BlackElo "1917"]
[PlyCount "118"]
[EventDate "2017.08.24"]
[EventType "swiss"]
[EventRounds "7"]
[EventCountry "GER"]
[SourceTitle "CBM 180 Extra"]
[Source "ChessBase"]
[SourceDate "2017.10.06"]
[SourceVersion "1"]
[SourceVersionDate "2017.10.06"]
[SourceQuality "1"]

1. e4 c5 2. Nc3 Nc6 3. Bb5 Nd4 4. Bc4 e6 5. Nge2 a6 6. d3 g6 7. 0-0 Bg7 8. f4 b5 9. Bb3 Nxb3 10. axb3 Ne7 11. Nxb5 Qb6 12. c4 Rb8 13. Nbc3 Qxb3 14. Qe1 0-0 15. Qh4 Re8 16. Rf3 f5 17. g4 h6 18. Be3 d6 19. e5 Qb7 20. Qg3 Qc6 21. Na4 Bb7 22. Kf2 Qxf3+ 23. Qxf3 Bxf3 24. Kxf3 fxg4+ 25. Kxg4 Nf5 26. Kf3 Nxe3 27. Kxe3 dxe5 28. Nxc5 Ra8 29. Rxa6 Rxa6 30. Nxa6 exf4+ 31. Nxf4 g5 32. Ne2 Bxb2 33. Ke4 Rc8 34. Nb4 Kf7 35. Nc2 Kf6 36. Ncd4 Bxd4 37. Nxd4 g4 38. Ne2 e5 39. Ng3 Rc5 40. Ke3 Ra5 41. Ne4+ Ke6 42. Kf2 Ra2+ 43. Kg3 h5 44. h3 gxh3 45. Kxh3 Kf5 46. Ng3+ Kg5 47. Ne4+ Kf4 48. Ng3 h4 49. Ne4 Re2 50. c5 Re3+ 51. Kxh4 Rxd3 52. Ng5 Rc3 53. Nh3+ Kf5 54. Ng1 Rxc5 55. Kg3 Ke4 56. Kf2 Kd3 57. Nf3 e4 58. Ne1+ Kd2 59. Ng2 Rf5+ 0-1

[Event "Wiesbaden op 29th"]
[Site "Wiesbaden"]
[Date "2017.08.25"]
[Round "2"]
[White "Puschendorf, Steffen"]
[Black "Schmidt, Volker"]
[Result "1-0"]
[WhiteElo "2115"]
[BlackElo "1917"]
[PlyCount "103"]
[EventDate "2017.08.24"]
[EventType "swiss"]
[EventRounds "7"]
[EventCountry "GER"]
[SourceTitle "CBM 180 Extra"]
[Source "ChessBase"]
[SourceDate "2017.10.06"]
[SourceVersion "1"]
[SourceVersionDate "2017.10.06"]
[SourceQuality "1"]

1. d4 Nf6 2. c4 g6 3. f3 Bg7 4. e4 d6 5. Ne2 0-0 6. Be3 e5 7. Nbc3 exd4 8. Nxd4 Nc6 9. Be2 Ne5 10. 0-0 h5 11. Qd2 Kh7 12. h3 Qe8 13. Rac1 Bd7 14. Ndb5 Qc8 15. f4 Nc6 16. Bf3 Re8 17. Rce1 a6 18. Nd4 Qd8 19. Bf2 Qc8 20. Nxc6 Bxc6 21. Bh4 Qe6 22. Nd5 Rac8 23. e5 Ng8 24. f5 gxf5 25. Nf6+ Kh8 26. Bxc6 bxc6 27. Nxe8 Bxe5 28. Qg5 Rxe8 29. b3 Nh6 30. Qxh5 Qg6 31. Qf3 Rg8 32. Re2 c5 33. Be1 Qf6 34. Bd2 Rg6 35. Bxh6 Rxh6 36. Qxf5 Bd4+ 37. Kh1 Qxf5 38. Rxf5 Kg7 39. Re7 Bf6 40. Rxc7 Kg6 41. Rf3 Rh7 42. Ra7 Be5 43. g4 a5 44. Kg2 f6 45. Rxh7 Kxh7 46. Rf5 Kg6 47. Kf3 Kg7 48. Ke4 Kg6 49. Kd5 Kf7 50. Rh5 Kg7 51. Ke6 Kg8 52. g5 1-0

[Event "Hessenliga 1617"]
[Site "Hessen"]
[Date "2017.04.23"]
[Round "9.6"]
[White "Schmidt, Volker"]
[Black "Meilinger, Claus"]
[Result "0-1"]
[WhiteElo "1909"]
[BlackElo "1997"]
[PlyCount "85"]
[EventDate "2016.09.18"]
[EventType "team-tourn"]
[EventRounds "9"]
[EventCountry "GER"]
[SourceTitle "EXT 2018"]
[Source "ChessBase"]
[SourceDate "2017.10.13"]
[SourceVersion "1"]
[SourceVersionDate "2017.10.13"]
[SourceQuality "1"]
[WhiteTeam "Dotzheim"]
[BlackTeam "Hofheim II"]
[WhiteTeamCountry "GER"]
[BlackTeamCountry "GER"]

1. c4 e5 2. g3 f5 3. d3 Nf6 4. Bg2 Nc6 5. a3 Be7 6. Nc3 0-0 7. e3 Qe8 8. Nge2 d6 9. f4 Be6 10. Nd5 Bd8 11. Qc2 Rb8 12. Bd2 Ne7 13. e4 c6 14. Nxf6+ gxf6 15. Bc3 b5 16. c5 Bc7 17. d4 fxe4 18. cxd6 Bxd6 19. dxe5 fxe5 20. 0-0-0 Nd5 21. Bxe4 Qe7 22. fxe5 Bc5 23. Nd4 Nxc3 24. Nxe6 Be3+ 25. Rd2 Rf2 26. bxc3 Qxe6 27. Rhd1 Qh6 28. Qa2+ Kf8 29. Qc2 Rd8 30. Bd3 c5 31. c4 Rxd2 32. Rxd2 Bxd2+ 33. Kb1 b4 34. axb4 Bxb4 35. Bxh7 Kg7 36. Be4 Bc3 37. Qe2 Qg5 38. Bd5 Bxe5 39. Qf2 Rd7 40. Qf3 Bf6 41. h4 Qg6+ 42. Kc1 Re7 43. Kd1 0-1

[Event "Hessenliga 1617"]
[Site "Hessen"]
[Date "2017.01.15"]
[Round "5.7"]
[White "Schmidt, Volker"]
[Black "Driftmann, Christoph"]
[Result "0-1"]
[WhiteElo "1909"]
[BlackElo "2129"]
[PlyCount "110"]
[EventDate "2016.09.18"]
[EventType "team-tourn"]
[EventRounds "9"]
[EventCountry "GER"]
[SourceTitle "EXT 2018"]
[Source "ChessBase"]
[SourceDate "2017.10.13"]
[SourceVersion "1"]
[SourceVersionDate "2017.10.13"]
[SourceQuality "1"]
[WhiteTeam "Dotzheim"]
[BlackTeam "Giessen"]
[WhiteTeamCountry "GER"]
[BlackTeamCountry "GER"]

1. c4 e6 2. g3 d5 3. Bg2 Nf6 4. Nf3 Be7 5. 0-0 0-0 6. d3 c5 7. Nbd2 Nc6 8. a3 d4 9. Rb1 e5 10. b4 Qc7 11. bxc5 Bxc5 12. Nb3 Be7 13. Ng5 h6 14. Ne4 Nxe4 15. Bxe4 Bh3 16. Re1 Rad8 17. e3 dxe3 18. Bxe3 Be6 19. Nc5 Bxc5 20. Bxc5 Rfe8 21. Qf3 Rc8 22. Qh5 b6 23. Be3 Qd7 24. Qe2 Bf5 25. Bd5 Be6 26. Bg2 Bf5 27. Bd5 Be6 28. Bf3 Bf5 29. Red1 Nd4 30. Bxd4 Qxd4 31. Rb5 Rc5 32. a4 Bd7 33. Rb4 Ra5 34. Qc2 Re6 35. Rc1 Rf6 36. Be4 Rd6 37. Qb3 Qc5 38. Ra1 g6 39. Qc3 Kg7 40. Kg2 Rd4 41. Rc1 Rxa4 42. Rxa4 Bxa4 43. Ra1 Bc6 44. Rxa7 Bxe4+ 45. dxe4 Rxc4 46. Qf3 Qf8 47. h4 Rc6 48. Qb3 Qe8 49. Qa4 Qe6 50. Qb4 Qc4 51. Qe1 Qd3 52. Rb7 Rf6 53. Rb8 Qf3+ 54. Kg1 Rd6 55. Kh2 Rd1 0-1

[Event "Hessenliga 1617"]
[Site "Hessen"]
[Date "2016.12.11"]
[Round "4.7"]
[White "Wenner, Frank"]
[Black "Schmidt, Volker"]
[Result "0-1"]
[WhiteElo "2095"]
[BlackElo "1909"]
[PlyCount "78"]
[EventDate "2016.09.18"]
[EventType "team-tourn"]
[EventRounds "9"]
[EventCountry "GER"]
[SourceTitle "EXT 2018"]
[Source "ChessBase"]
[SourceDate "2017.10.13"]
[SourceVersion "1"]
[SourceVersionDate "2017.10.13"]
[SourceQuality "1"]
[WhiteTeam "Gernsheim"]
[BlackTeam "Dotzheim"]
[WhiteTeamCountry "GER"]
[BlackTeamCountry "GER"]

1. Nf3 c5 2. c4 g6 3. Nc3 Bg7 4. g3 Nc6 5. Bg2 e6 6. 0-0 Nge7 7. d3 0-0 8. Bg5 h6 9. Bf4 e5 10. Bd2 d6 11. Rb1 Be6 12. a3 Qd7 13. Re1 Rac8 14. b4 b6 15. Qa4 f5 16. e3 g5 17. b5 Na5 18. Nd5 e4 19. dxe4 fxe4 20. Nxg5 hxg5 21. Bxe4 Bf5 22. Nxe7+ Qxe7 23. Bd5+ Kh8 24. e4 Bg4 25. e5 Bxe5 26. Bc3 Qf6 27. Rxe5 dxe5 28. Qc2 Bf5 29. Qe2 Qg6 30. Qxe5+ Kh7 31. Qe7+ Kh6 32. Rb2 Bd3 33. h4 Nxc4 34. Bxc4 Bxc4 35. hxg5+ Kh5 36. f3 Rxf3 37. Bf6 Rxg3+ 38. Kh2 Rg4 39. Qd7 Re8 0-1

[Event "Hessenliga 1617"]
[Site "Hessen"]
[Date "2016.09.18"]
[Round "1.6"]
[White "Schmidt, Volker"]
[Black "Lenz, Jonas"]
[Result "1-0"]
[WhiteElo "1909"]
[BlackElo "2013"]
[PlyCount "93"]
[EventDate "2016.09.18"]
[EventType "team-tourn"]
[EventRounds "9"]
[EventCountry "GER"]
[SourceTitle "EXT 2018"]
[Source "ChessBase"]
[SourceDate "2017.10.13"]
[SourceVersion "1"]
[SourceVersionDate "2017.10.13"]
[SourceQuality "1"]
[WhiteTeam "Dotzheim"]
[BlackTeam "Bad Homburg"]
[WhiteTeamCountry "GER"]
[BlackTeamCountry "GER"]

1. c4 g6 2. g3 Bg7 3. Bg2 Nf6 4. Nc3 c5 5. Rb1 0-0 6. a3 e6 7. e4 d6 8. Nge2 Nc6 9. 0-0 Rb8 10. d3 b6 11. f4 Bd7 12. b4 Ne8 13. Be3 Nd4 14. Qd2 Bc6 15. h3 Nc7 16. b5 Bb7 17. g4 f5 18. g5 Qd7 19. Ng3 d5 20. e5 Rfd8 21. Rbd1 Nb3 22. Qc2 Na5 23. Nce2 a6 24. a4 d4 25. Bd2 Bxg2 26. Kxg2 Nb7 27. h4 Kf7 28. Kf2 Rh8 29. h5 a5 30. Rh1 Rbg8 31. Ng1 Nd8 32. Nf3 Na8 33. Rb1 Nb7 34. Nh4 Nd8 35. Qd1 Qb7 36. Qe2 Qd7 37. Rh2 Qc7 38. Nf3 Qd7 39. Rbh1 Qe8 40. Ne1 Qd7 41. Qf1 Qe7 42. hxg6+ hxg6 43. Rxh8 Rxh8 44. Rxh8 Bxh8 45. Qh1 Nc7 46. Qxh8 Qf8 47. Qf6+ 1-0

[Event "Wiesbaden op 28th"]
[Site "Wiesbaden"]
[Date "2016.08.26"]
[Round "2"]
[White "Schmidt, Volker"]
[Black "Lorenz, Hermann"]
[Result "1-0"]
[WhiteElo "1909"]
[BlackElo "1663"]
[PlyCount "57"]
[EventDate "2016.08.25"]
[EventType "swiss"]
[EventRounds "7"]
[EventCountry "GER"]
[SourceTitle "CBM 174 Extra"]
[Source "ChessBase"]
[SourceDate "2016.10.10"]
[SourceVersion "1"]
[SourceVersionDate "2016.10.10"]
[SourceQuality "1"]

1. c4 Nf6 2. g3 g6 3. Bg2 Bg7 4. Nc3 d6 5. e4 0-0 6. Nge2 e5 7. d3 c5 8. 0-0 Nc6 9. h3 Nd4 10. Kh2 Ne8 11. f4 f5 12. Rb1 Nf6 13. b4 Rb8 14. fxe5 Nh5 15. exd6 Qxd6 16. bxc5 Qd7 17. Nd5 Be5 18. Bf4 Bxf4 19. Nexf4 Nxf4 20. gxf4 Ne6 21. e5 Kg7 22. d4 Rd8 23. Qd2 b5 24. Rb2 Ba6 25. Rfb1 Rb7 26. Qa5 Nc7 27. Nxc7 Rxc7 28. cxb5 Bb7 29. c6 1-0

[Event "Wiesbaden op 27th"]
[Site "Wiesbaden"]
[Date "2015.08.29"]
[Round "4"]
[White "Diener, Carolin Valeria"]
[Black "Schmidt, Volker"]
[Result "1/2-1/2"]
[WhiteElo "1722"]
[BlackElo "1892"]
[PlyCount "105"]
[EventDate "2015.08.27"]
[EventType "swiss"]
[EventRounds "7"]
[EventCountry "GER"]
[SourceTitle "EXT 2016"]
[Source "ChessBase"]
[SourceDate "2015.10.08"]
[SourceVersion "1"]
[SourceVersionDate "2015.10.08"]
[SourceQuality "1"]

1. e4 c5 2. Nf3 d6 3. Bb5+ Bd7 4. Bxd7+ Nxd7 5. 0-0 Ngf6 6. Qe2 e5 7. c4 Be7 8. b3 Nf8 9. Bb2 Ne6 10. d3 Qd7 11. Na3 Nf4 12. Qd1 Qg4 13. Ne1 Qg6 14. Bc1 N6h5 15. Nb5 0-0 16. Nc7 Rac8 17. Nd5 Nxd5 18. cxd5 f5 19. Qe2 fxe4 20. dxe4 a6 21. g3 Nf6 22. f3 h5 23. Ng2 Nh7 24. Kh1 Qe8 25. Bb2 Qd7 26. f4 exf4 27. Nxf4 Bf6 28. Bxf6 Nxf6 29. Nxh5 Nxh5 30. Qxh5 b5 31. Kg2 c4 32. Rxf8+ Rxf8 33. bxc4 bxc4 34. Qe2 Qc7 35. Rc1 Rc8 36. Qg4 Re8 37. Qe2 Rc8 38. Re1 Re8 39. Rb1 a5 40. a4 c3 41. Rc1 Rb8 42. Kh3 Rb4 43. Qg4 Rc4 44. Qe6+ Qf7 45. Qxd6 Qh5+ 46. Kg2 Rxe4 47. Rf1 Re2+ 48. Rf2 c2 49. Qc6 Rxf2+ 50. Kxf2 Qd1 51. Qe8+ Kh7 52. Qe4+ Kg8 53. Qe8+ 1/2-1/2

[Event "Wiesbaden op 27th"]
[Site "Wiesbaden"]
[Date "2015.08.27"]
[Round "1"]
[White "Schmidt, Volker"]
[Black "Glaesser, Leonhard"]
[Result "1-0"]
[WhiteElo "1892"]
[BlackElo "1403"]
[PlyCount "45"]
[EventDate "2015.08.27"]
[EventType "swiss"]
[EventRounds "7"]
[EventCountry "GER"]
[SourceTitle "EXT 2016"]
[Source "ChessBase"]
[SourceDate "2015.10.08"]
[SourceVersion "1"]
[SourceVersionDate "2015.10.08"]
[SourceQuality "1"]

1. c4 c5 2. g3 Nc6 3. Bg2 e6 4. Nc3 Nf6 5. e4 Be7 6. Nge2 0-0 7. 0-0 h6 8. h3 Qc7 9. d3 e5 10. f4 d6 11. f5 Nd4 12. g4 Nh7 13. Nd5 Qd8 14. Nxe7+ Qxe7 15. Nc3 b6 16. Nd5 Qd8 17. f6 g5 18. h4 Ne6 19. Qf3 Nf4 20. hxg5 hxg5 21. Ne7+ Kh8 22. Bxf4 exf4 23. Qh3 1-0

[Event "Rhein Main op-A 18th"]
[Site "Bad Homburg"]
[Date "2015.06.03"]
[Round "1"]
[White "Fieberg, Samuel"]
[Black "Schmidt, Volker"]
[Result "1/2-1/2"]
[WhiteElo "2168"]
[BlackElo "1892"]
[PlyCount "60"]
[EventDate "2015.06.03"]
[EventType "swiss"]
[EventRounds "7"]
[EventCountry "GER"]
[SourceTitle "CBM 167 Extra"]
[Source "ChessBase"]
[SourceDate "2015.09.14"]
[SourceVersion "1"]
[SourceVersionDate "2015.09.14"]
[SourceQuality "1"]

1. e4 d5 2. exd5 Qxd5 3. Nc3 Qd6 4. d4 Nf6 5. Nge2 a6 6. Bf4 Qb6 7. g3 Bg4 8. Bg2 e6 9. 0-0 Nc6 10. h3 Bxe2 11. Nxe2 Be7 12. c4 0-0-0 13. Be3 e5 14. c5 Qa7 15. Bxc6 bxc6 16. Qa4 Qb7 17. dxe5 Nd7 18. Qg4 Kb8 19. Qxg7 Rdf8 20. Rac1 Ka7 21. Rfd1 Rhg8 22. Qxh7 Nxe5 23. Qe4 f6 24. Nd4 Rd8 25. Rc3 Qxb2 26. Rb3 Qxa2 27. Rd2 Rxd4 28. Bxd4 Qxd2 29. Re3 Rb8 30. Bxe5 fxe5 1/2-1/2

[Event "Wiesbaden op 26th"]
[Site "Wiesbaden"]
[Date "2014.08.31"]
[Round "6"]
[White "Meier, Alexander"]
[Black "Schmidt, Volker"]
[Result "0-1"]
[WhiteElo "1345"]
[BlackElo "1967"]
[PlyCount "58"]
[EventDate "2014.08.28"]
[EventType "swiss"]
[EventRounds "7"]
[EventCountry "GER"]
[SourceTitle "CBM 162 Extra"]
[Source "ChessBase"]
[SourceDate "2014.10.17"]
[SourceVersion "1"]
[SourceVersionDate "2014.10.17"]
[SourceQuality "1"]

1. e4 c5 2. Nc3 Nc6 3. Nf3 g6 4. g3 Bg7 5. Bg2 Nf6 6. 0-0 d5 7. exd5 Nxd5 8. Nxd5 Qxd5 9. Re1 Qd6 10. d3 0-0 11. Rb1 e5 12. Be3 f5 13. Qc1 f4 14. Nd2 fxe3 15. Rxe3 Bf5 16. Nc4 Qc7 17. Qd1 Rae8 18. Nd2 Qd7 19. b3 Nd4 20. c3 Nb5 21. Rc1 Kh8 22. a4 Nc7 23. Bxb7 Nd5 24. Bxd5 Qxd5 25. f3 Bh6 26. Re1 Qxd3 27. Re2 Rd8 28. g4 Bxd2 29. Rxd2 Qe3+ 0-1

[Event "Wiesbaden op 25th"]
[Site "Wiesbaden"]
[Date "2013.08.25"]
[Round "6"]
[White "Schmidt, Volker"]
[Black "Bogucanin, Mirsad"]
[Result "0-1"]
[WhiteElo "1967"]
[BlackElo "1906"]
[PlyCount "112"]
[EventDate "2013.08.22"]
[EventType "swiss"]
[EventRounds "7"]
[EventCountry "GER"]
[SourceTitle "CBM 156 Extra"]
[Source "ChessBase"]
[SourceDate "2013.10.22"]
[SourceVersion "1"]
[SourceVersionDate "2013.10.22"]
[SourceQuality "1"]

1. c4 Nf6 2. Nc3 e6 3. e4 d6 4. d4 g6 5. Nf3 Bg7 6. Be2 0-0 7. 0-0 Nbd7 8. Bg5 h6 9. Bh4 g5 10. Bg3 Nh5 11. Ne1 Nxg3 12. hxg3 c5 13. Nc2 a6 14. dxc5 dxc5 15. Qd2 Qe7 16. Rad1 b6 17. f4 Rd8 18. Rf3 Bb7 19. Rd3 Bc6 20. Bf3 Kf8 21. e5 Bxf3 22. gxf3 Ke8 23. Ne4 Bxe5 24. fxe5 Nxe5 25. Rxd8+ Rxd8 26. Qxd8+ Qxd8 27. Rxd8+ Kxd8 28. Kg2 Nxc4 29. b3 Ne5 30. Ne1 f5 31. Nc3 Ke7 32. f4 Nf7 33. Nd3 Kd6 34. a4 e5 35. fxe5+ Nxe5 36. Nb2 h5 37. Kf2 c4 38. b4 h4 39. gxh4 gxh4 40. Kg2 a5 41. b5 Kc5 42. Kh3 Kd4 43. Nbd1 Nf3 44. Ne2+ Kc5 45. Nec3 Ng5+ 46. Kxh4 Ne4 47. Nxe4+ fxe4 48. Kg4 Kb4 49. Kf4 Kxa4 50. Kxe4 Kxb5 51. Kd4 Kb4 52. Ne3 b5 53. Nd5+ Kb3 54. Ne3 c3 55. Kd3 b4 56. Nc2 Kb2 0-1

[Event "Wiesbaden op 25th"]
[Site "Wiesbaden"]
[Date "2013.08.24"]
[Round "5"]
[White "Werner, Dimo"]
[Black "Schmidt, Volker"]
[Result "1-0"]
[WhiteElo "2139"]
[BlackElo "1968"]
[PlyCount "61"]
[EventDate "2013.08.22"]
[EventType "swiss"]
[EventRounds "7"]
[EventCountry "GER"]
[SourceTitle "EXT 2014"]
[Source "ChessBase"]
[SourceDate "2013.11.20"]
[SourceVersion "1"]
[SourceVersionDate "2013.11.20"]
[SourceQuality "1"]

1. d4 Nf6 2. c4 g6 3. Nc3 d5 4. cxd5 Nxd5 5. Bd2 Bg7 6. e4 Nxc3 7. Bxc3 c5 8. d5 Bxc3+ 9. bxc3 Qa5 10. Qd2 b5 11. Nf3 Nd7 12. Bd3 Rb8 13. 0-0 Qc7 14. Qe2 c4 15. Bc2 Nf6 16. h3 0-0 17. Qe3 e5 18. a4 b4 19. cxb4 Rxb4 20. Qc3 a5 21. Nxe5 Re8 22. Nc6 Nxe4 23. Bxe4 Rb3 24. Qxc4 Rxh3 25. gxh3 Qf4 26. Ne7+ Kf8 27. Ra3 Qg5+ 28. Rg3 Qxe7 29. Bg2 h5 30. Qf4 Kg7 31. Re3 1-0

[Event "Karl Mala Memorial op-B 16th"]
[Site "Frankfurt"]
[Date "2013.07.14"]
[Round "6"]
[White "Mook, Karl Juergen"]
[Black "Schmidt, Volker"]
[Result "0-1"]
[WhiteElo "1585"]
[BlackElo "1543"]
[PlyCount "62"]
[EventDate "2013.07.11"]
[EventType "swiss"]
[EventRounds "7"]
[EventCountry "GER"]
[SourceTitle "CBM 155 Extra"]
[Source "ChessBase"]
[SourceDate "2013.08.26"]
[SourceVersion "1"]
[SourceVersionDate "2013.08.26"]
[SourceQuality "1"]

1. d4 d5 2. c4 c6 3. Nf3 Nf6 4. Nc3 Bf5 5. cxd5 Nxd5 6. Nxd5 Qxd5 7. e3 Nd7 8. Bd3 Be4 9. Bxe4 Qxe4 10. 0-0 0-0-0 11. Nd2 Qd5 12. Qf3 Qxf3 13. Nxf3 f6 14. b3 e6 15. Bb2 Nb6 16. e4 g5 17. Rfd1 Rg8 18. Bc3 g4 19. Ne1 h5 20. Ba5 h4 21. Bxb6 axb6 22. a3 g3 23. h3 gxf2+ 24. Kxf2 Bd6 25. e5 fxe5 26. dxe5 Bc5+ 27. Kf1 Rdf8+ 28. Nf3 Rg5 29. Re1 Bd4 30. Ra2 c5 31. Rae2 Rxf3+ 0-1

[Event "Karl Mala Memorial op-B 16th"]
[Site "Frankfurt"]
[Date "2013.07.11"]
[Round "1"]
[White "Schmidt, Volker"]
[Black "Adilipour, Navid"]
[Result "1-0"]
[WhiteElo "1543"]
[BlackElo "762"]
[PlyCount "61"]
[EventDate "2013.07.11"]
[EventType "swiss"]
[EventRounds "7"]
[EventCountry "GER"]
[SourceTitle "CBM 155 Extra"]
[Source "ChessBase"]
[SourceDate "2013.08.26"]
[SourceVersion "1"]
[SourceVersionDate "2013.08.26"]
[SourceQuality "1"]

1. e4 e5 2. Bc4 Nf6 3. d3 Bc5 4. h3 d6 5. Bg5 Qd7 6. Qf3 h6 7. Bxf6 gxf6 8. Qxf6 Rh7 9. Nc3 Nc6 10. 0-0-0 Nb4 11. f4 Bd4 12. Nge2 Be3+ 13. Kb1 Bd4 14. Nxd4 exd4 15. Nd5 Kf8 16. Qxd4 Qa4 17. Bb3 Qb5 18. Nxc7 Qc6 19. Nxa8 Na6 20. e5 dxe5 21. Qd8+ Kg7 22. fxe5 Rh8 23. Qd4 Re8 24. e6+ f6 25. Qg4+ Kh7 26. Qf5+ Kg7 27. Rhf1 Rxe6 28. Bxe6 Bxe6 29. Qxf6+ Kh7 30. Qe7+ Kg8 31. Rf8# 1-0

[Event "Thueringer Wald Schach-Cup 14th"]
[Site "Gotha"]
[Date "2012.11.10"]
[Round "6"]
[White "Minor, Viatcheslav"]
[Black "Schmidt, Volker"]
[Result "1-0"]
[WhiteElo "2086"]
[BlackElo "1952"]
[PlyCount "67"]
[EventDate "2012.11.07"]
[EventType "swiss"]
[EventRounds "7"]
[EventCountry "GER"]
[SourceTitle "EXT 2013"]
[Source "ChessBase"]
[SourceDate "2012.11.22"]
[SourceVersion "1"]
[SourceVersionDate "2012.11.22"]
[SourceQuality "1"]

1. e4 e6 2. d3 c5 3. Nf3 d6 4. g3 Qc7 5. Bg2 b5 6. a4 b4 7. 0-0 Bb7 8. Nbd2 g6 9. Nc4 Bg7 10. Qe2 Nc6 11. Re1 Nge7 12. e5 dxe5 13. Ncxe5 Bxe5 14. Nxe5 Nd4 15. Qd1 Bxg2 16. Kxg2 Qb7+ 17. f3 b3 18. cxb3 Nxb3 19. Ra3 Nxc1 20. Qxc1 Rb8 21. Re2 Qd5 22. Rc3 Qd4 23. Re4 Qd6 24. Rxc5 0-0 25. Rc3 Nd5 26. Rc6 Qe7 27. Rcc4 Qb7 28. b4 f5 29. Red4 Rbc8 30. b5 Nb6 31. Rc6 Qg7 32. Qc5 Rxc6 33. Nxc6 f4 34. Qd6 1-0

[Event "Wiesbaden op 24th"]
[Site "Wiesbaden"]
[Date "2012.08.26"]
[Round "6"]
[White "Syed, Tareq"]
[Black "Schmidt, Volker"]
[Result "1-0"]
[WhiteElo "2064"]
[BlackElo "1982"]
[PlyCount "63"]
[EventDate "2012.08.23"]
[EventType "swiss"]
[EventRounds "7"]
[EventCountry "GER"]
[SourceTitle "CBM 150 Extra"]
[Source "ChessBase"]
[SourceDate "2012.10.19"]
[SourceVersion "1"]
[SourceVersionDate "2012.10.19"]
[SourceQuality "1"]

1. d3 g6 2. e4 Bg7 3. f4 d6 4. Nf3 Nc6 5. g3 Bg4 6. h3 Bxf3 7. Qxf3 Nd4 8. Qf2 c5 9. c3 Nc6 10. Bg2 e6 11. 0-0 Nge7 12. f5 gxf5 13. exf5 exf5 14. Na3 0-0 15. Bg5 Qd7 16. Qd2 Ng6 17. Bh6 Rae8 18. Bxg7 Kxg7 19. d4 cxd4 20. cxd4 Qe7 21. Rae1 Qf6 22. Rxe8 Rxe8 23. Nc2 f4 24. b4 Qg5 25. gxf4 Qf5 26. d5 Nd8 27. Ne3 Qf6 28. Ng4 Qh4 29. Qd4+ f6 30. Ne3 Kf7 31. Nf5 Qh5 32. Nxd6+ 1-0

[Event "Hessenliga 1011"]
[Site "Germany"]
[Date "2011.05.08"]
[Round "9.7"]
[White "Schmidt, Volker"]
[Black "Sergin, Mark"]
[Result "1/2-1/2"]
[WhiteElo "2018"]
[BlackElo "2168"]
[PlyCount "46"]
[EventDate "2010.09.26"]
[EventType "team-tourn"]
[EventRounds "9"]
[EventCountry "GER"]
[SourceTitle "EXT 2012"]
[Source "ChessBase"]
[SourceDate "2011.11.24"]
[SourceVersion "1"]
[SourceVersionDate "2011.11.24"]
[SourceQuality "1"]
[WhiteTeam "Dotzheim"]
[BlackTeam "Kassel"]
[WhiteTeamCountry "GER"]
[BlackTeamCountry "GER"]

1. c4 Nf6 2. g3 c5 3. Bg2 e6 4. Nf3 a6 5. 0-0 Qc7 6. Nc3 Be7 7. d3 d6 8. e4 Nbd7 9. Ne1 Rb8 10. f4 b5 11. b3 0-0 12. Qe2 Ne8 13. Nf3 h6 14. Bd2 b4 15. Nd1 a5 16. Ne3 a4 17. g4 Bf6 18. Rab1 axb3 19. axb3 Qd8 20. f5 Ne5 21. Kh1 Ra8 22. Bc1 Bb7 23. Rd1 Qa5 1/2-1/2

[Event "Hessenliga 0910"]
[Site "Germany"]
[Date "2009.11.01"]
[Round "3.6"]
[White "Schmidt, Volker"]
[Black "Prange, Dieter"]
[Result "0-1"]
[WhiteElo "2006"]
[BlackElo "2148"]
[PlyCount "106"]
[EventDate "2009.09.20"]
[EventType "team-tourn"]
[EventRounds "9"]
[EventCountry "GER"]
[SourceTitle "EXT 2011"]
[Source "ChessBase"]
[SourceDate "2010.11.26"]
[SourceVersion "1"]
[SourceVersionDate "2010.11.26"]
[SourceQuality "1"]
[WhiteTeam "Dotzheim"]
[BlackTeam "Marburg"]
[WhiteTeamCountry "GER"]
[BlackTeamCountry "GER"]

1. c4 e5 2. g3 Nc6 3. Bg2 d6 4. Nc3 Be6 5. b3 g6 6. e3 Bg7 7. Bb2 Qd7 8. d3 Nge7 9. Qd2 0-0 10. f4 d5 11. cxd5 Nxd5 12. Nxd5 Bxd5 13. Nf3 Rad8 14. Rd1 Rfe8 15. e4 exf4 16. Bxg7 Kxg7 17. 0-0 Be6 18. Qxf4 Nd4 19. Nxd4 Qxd4+ 20. Kh1 c5 21. Bf3 b5 22. h4 h6 23. g4 Qf6 24. Qg3 Qc3 25. Be2 c4 26. bxc4 bxc4 27. Qf3 cxd3 28. Bxd3 Bxa2 29. Be2 Qxf3+ 30. Bxf3 a5 31. Ra1 Rd2 32. Kg1 a4 33. Rfe1 Kf6 34. Re3 Ke5 35. g5 hxg5 36. hxg5 Kf4 37. Rc3 Kxg5 38. Rc7 Kf4 39. Rc3 Rb8 40. Rf1 Rb1 41. Bd1+ Ke5 42. Bxa4 Rxf1+ 43. Kxf1 Kxe4 44. Be8 g5 45. Rc7 f5 46. Bg6 Bb1 47. Rc4+ Kf3 48. Rc3+ Kf4 49. Rc4+ Be4 50. Rb4 g4 51. Kg1 Rd1+ 52. Kf2 g3+ 53. Ke2 g2 0-1